000 00796cam a2200265 4500
008 090401t1992 xxu||||| |||| 00| 0 eng d
020 _a1874326061
035 _a(Sirsi) u58878
041 _aeng
050 _a016.33333709421
100 _aLizieri, Colin
245 _aDemand for commercial property in London: review of the literature,
260 _aLondon
_bSociety of Property Researchers
_c1992
300 _axi,110p. ; 30cm.
350 _a0
520 _aSociety of Property Researchers Research programme STAGE 1.
650 _aBIBLIOGRAPHIES
650 _aPROPERTY-COMMERCIAL PROPERTY
650 _aLONDON
690 _aPROPERTY-COMMERCIAL PROPERTY
700 _aPalmer, Scarlett
710 _aSociety of Property Researchers
_923
942 _n0
948 _c04/03/1997
999 _c94117
_d94117